000 00457nam a2200181Ia 4500
008 100917s9999 xx 000 0 und d
082 _b37510
100 _aकेळकर ग. म.
245 _aदुसरी आघाडी
260 _b---
_c---
300 _a---
365 _b4
520 _aकथा
630 _aदुसरी आघाडी
650 _aकथा
730 _aदुसरी आघाडी
942 _cBOOK
999 _c642904
_d642901